| 000 | 00671nam a2200193 i 4500 | ||
|---|---|---|---|
| 001 | 182199 | ||
| 003 | ES-MaACL | ||
| 005 | 20231022195558.0 | ||
| 007 | t| | ||
| 008 | 130626s2007 sp ||||0| spa d | ||
| 080 | _a821.134.2-14"19" | ||
| 100 | 1 |
_aVidal Reynés, María Esperanza. _9114511 |
|
| 245 | 1 | 0 |
_aKaleidoscopio / _cMª Esperanza Vidal Reynés ; [ilustraciones: cuadros de la autora]. |
| 260 |
_a[Palma de Mallorca?] : _bM.E. Vidal, _c[2007] ( _ePalma de Mallorca] : _fGráf. Venus) |
||
| 300 |
_a97 p. : _bil. col. ; _c21 cm. |
||
| 852 |
_aES-MaACL _jA-12769 _9189110 _bR.148878 _cDEPO1 _dOlim: N-5769 |
||
| 942 |
_2udc _cMONOGRAFIA |
||
| 999 |
_c182199 _d182199 |
||